Movies Quiz

Random Movies Quiz
Score 0/13 Timer 03:00
0 Plays Today
Hint Answer % Correct
2017mother!
92.9%
2006The Wicker Man
64.3%
2012Killing Them Softly
50%
2007I Know Who Killed Me
42.9%
2002Solaris
35.7%
2009The Box
35.7%
2006Bug
28.6%
2012Silent House
28.6%
2005Wolf Creek
21.4%
2002Darkness
14.3%
2008Disaster Movie
14.3%
2000Dr. T and the Woman
7.1%
2012The Devil Inside
0%
Remove Ads.
Support Sporcle.
Get the best of Sporcle when you Go Orange. This ad-free experience offers more features, more stats, and more fun while also helping to support Sporcle. Thank you for becoming a member.

You're not logged in!

Compare scores with friends on all Sporcle quizzes.
OR
Log In

Show Comments

Extras

Created Oct 1, 2017ReportNominate
Tags:Earned, Rating, star

Top Quizzes Today


Score Distribution

Your Account Isn't Verified!

In order to create a playlist on Sporcle, you need to verify the email address you used during registration. Go to your Sporcle Settings to finish the process.

Report this User

Report this user for behavior that violates our Community Guidelines.

Details: